La ciencia del lenguaje /
Guardado en:
| Autor Principal: | |
|---|---|
| Formato: | Libro |
| Publicado: |
Madrid :
La Espa¤a moderna, 0
|
| Materias: | |
| Etiquetas: |
Agregar Etiqueta
Sin Etiquetas, Sea el primero en etiquetar este registro!
|
| LEADER | 00488nam a22001815a 4500 | ||
|---|---|---|---|
| 001 | CEM.cems004561 | ||
| 005 | 20060216000000.0 | ||
| 008 | 130507b######################000#0#####d | ||
| 003 | CEMS | ||
| 082 | 0 | 4 | |a 460 |
| 100 | 1 | |a Muller, Max | |
| 245 | 1 | 0 | |a La ciencia del lenguaje / |
| 260 | |a Madrid : |b La Espa¤a moderna, 0 | ||
| 300 | |a 395 p. | ||
| 653 | |a Español | ||
| 653 | |a Gramática comparada | ||
| 653 | |a Linguistica-historia | ||
| 859 | |a CEMS |b BIB. CEMS - 11 de abril |h 460 |i M915 |p 10086.81 |t Ej.1 | ||
